000 00543nam a22001817a 4500
005 20251108175754.0
008 250721s2021 xx 000 0 ara d
082 1 4 _aم/741.9563/عبد
100 1 _aالعبدلي، ابراهيم
_eمشرف
245 1 0 _aابراهيم العبدلي واقعية الاسلوب و شفافيته /
264 1 _aعمان :
_bالمؤلف،
_c2021.
300 _a172ص.
650 1 7 _aالرسومات
650 1 7 _aالرسامون
650 1 7 _aالعراق
942 _2ddc
_cREF
999 _c142031
_d142031